ARRUPE JESUIT UNIVERSITY

CORONAVIRUS -STOP THE SPREAD - CLEAN,DISINFECT,COVER

The end of racism : (Record no. 121200)

MARC details
000 -LEADER
fixed length control field 04056mam a2200385 a 4500
001 - CONTROL NUMBER
control field 1690921
003 - CONTROL NUMBER IDENTIFIER
control field ARRUPE
005 - DATE AND TIME OF LATEST TRANSACTION
control field 20141107132937.0
008 - FIXED-LENGTH DATA ELEMENTS--GENERAL INFORMATION
fixed length control field 950427s1995 nyu b 001 0 eng
010 ## - LIBRARY OF CONGRESS CONTROL NUMBER
LC control number 95018300
020 ## - INTERNATIONAL STANDARD BOOK NUMBER
International Standard Book Number 0029081025
035 ## - SYSTEM CONTROL NUMBER
System control number (OCoLC)ocm32510525
035 ## - SYSTEM CONTROL NUMBER
System control number (NNC)1690921
040 ## - CATALOGING SOURCE
Original cataloging agency DLC
Transcribing agency DLC
Modifying agency OrLoB
043 ## - GEOGRAPHIC AREA CODE
Geographic area code n-us---
050 00 - LIBRARY OF CONGRESS CALL NUMBER
Classification number E185.615
Item number .D75 1995
082 00 - DEWEY DECIMAL CLASSIFICATION NUMBER
Classification number 305.8/00973
Edition number 20
300 ## - PHYSICAL DESCRIPTION
Dimensions 25 cm.
100 1# - MAIN ENTRY--PERSONAL NAME
Personal name D'Souza, Dinesh,
Dates associated with a name 1961-
9 (RLIN) 12487
245 14 - TITLE STATEMENT
Title The end of racism :
Remainder of title principles for a multiracial society /
Statement of responsibility, etc Dinesh D'Souza.
260 ## - PUBLICATION, DISTRIBUTION, ETC. (IMPRINT)
Place of publication, distribution, etc New York :
Name of publisher, distributor, etc Free Press,
Date of publication, distribution, etc c1995.
300 ## - PHYSICAL DESCRIPTION
Extent xi, 724 p. ;
504 ## - BIBLIOGRAPHY, ETC. NOTE
Bibliography, etc Includes bibliographical references and index.
505 00 - FORMATTED CONTENTS NOTE
Miscellaneous information 1.
Title The White Man's Burden: The Collapse of Liberal Hope --
Miscellaneous information 2.
Title Ignoble Savages: The Origins of Racism --
Miscellaneous information 3.
Title An American Dilemma: Was Slavery a Racist Institution? --
Miscellaneous information 4.
Title The Invention of Prejudice: The Rise of Liberal Antiracism --
Miscellaneous information 5.
Title A Dream Deferred: Who Betrayed Martin Luther King, Jr.? --
Miscellaneous information 6.
Title The Race Merchants: How Civil Rights Became a Profession --
Miscellaneous information 7.
Title Is America a Racist Society? The Problem of Rational Discrimination --
Miscellaneous information 8.
Title Institutional Racism and Double Standards: Racial Preferences and Their Consequences --
Miscellaneous information 9.
Title Is Eurocentrism a Racist Concept? The Search for an African Shakespeare --
Miscellaneous information 10.
Title Bigotry in Black and White: Can African Americans Be Racist? --
Miscellaneous information 11.
Title The Content of Our Chromosomes: Race and the IQ Debate --
Miscellaneous information 12.
Title Uncle Tom's Dilemma: Pathologies of Black Culture --
Miscellaneous information 13.
Title The End of Racism: A New Vision for a Multiracial Society.
520 ## - SUMMARY, ETC.
Summary, etc The End of Racism goes beyond familiar polemics to raise fundamental questions that no one else has asked: Is racial prejudice innate, or is it culturally acquired? Is it peculiar to the West, or is it found in all societies? What is the legacy of slavery, and what does America owe blacks as compensation for it? Did the civil rights movement succeed or fail in its attempt to overcome the legacy of segregation and racism? Is there such a thing as rational discrimination? Can persons of color be racist?
520 8# - SUMMARY, ETC.
Summary, etc Is racism really the most serious problem facing black Americans today, or is it a declining phenomenon? If racism had a beginning, shouldn't it be possible to envision its end?
520 8# - SUMMARY, ETC.
Summary, etc .
520 8# - SUMMARY, ETC.
Summary, etc In a scrupulous and balanced study, D'Souza shows that racism is a distinctively Western phenomenon, arising at about the time of the first European encounters with non-Western peoples, and he chronicles the political, cultural, and intellectual history of racism as well as the twentieth-century liberal crusade against it. D'Souza proactively traces the limitations of the civil rights movement to its flawed assumptions about the nature of racism.
520 8# - SUMMARY, ETC.
Summary, etc He argues that the American obsession with race is fueled by a civil rights establishment that has a vested interest in perpetuating black dependency, and he concludes that the generation that marched with Martin Luther King, Jr. may be too committed to the paradigm of racial struggle to see the possibility of progress. Perhaps, D'Souza suggests, like the Hebrews who were forced to wander in the desert for 40 years, that generation may have to pass away before their descendants can enter the promised land of freedom and equality. In the meantime, however, many race activists are preaching despair and poisoning the minds of a younger generation which in fact displays far less racial consciousness and bigotry than any other in American history.
520 8# - SUMMARY, ETC.
Summary, etc The End of Racism summons profound historical, moral, and practical arguments against the civil rights orthodoxy which holds that "race matters" and that therefore we have no choice but to institutionalize race as the basis for identity and public policy.
650 #0 - SUBJECT ADDED ENTRY--TOPICAL TERM
Topical term or geographic name as entry element Racism
Geographic subdivision United States.
9 (RLIN) 3379
650 #0 - SUBJECT ADDED ENTRY--TOPICAL TERM
Topical term or geographic name as entry element Cultural pluralism
Geographic subdivision United States.
9 (RLIN) 12488
651 #0 - SUBJECT ADDED ENTRY--GEOGRAPHIC NAME
Geographic name United States
General subdivision Race relations.
9 (RLIN) 12489
900 ## - EQUIVALENCE OR CROSS-REFERENCE-PERSONAL NAME [LOCAL, CANADA]
Numeration TOC
942 ## - ADDED ENTRY ELEMENTS (KOHA)
Source of classification or shelving scheme Library of Congress Classification
Koha item type Monograph ( Printed materials)
Holdings
Withdrawn status Lost status Source of classification or shelving scheme Damaged status Not for loan Collection code Home library Current library Shelving location Date acquired Total Checkouts Full call number Barcode Checked out Date last seen Date checked out Price effective from Koha item type
    Library of Congress Classification     Main Collection ARRUPE LIBRARY ARRUPE LIBRARY Main Collection 07/11/2014 3 E185.615 .D75 1995 46500003749 10/03/2026 24/02/2026 24/02/2026 07/11/2014 Monograph ( Printed materials)

 

Arrupe Library. PO Box MP320 Mt Pleasant, Harare, Zimbabwe
263 242 745411|librarian@aju.ac.zw